Studying law: An Introduction to legal research. (Record no. 611)

MARC details
000 -LEADER
fixed length control field 00505nam a2200169Ia 4500
008 - FIXED-LENGTH DATA ELEMENTS--GENERAL INFORMATION
fixed length control field 240428s9999||||xx |||||||||||||| ||und||
020 ## - INTERNATIONAL STANDARD BOOK NUMBER
International Standard Book Number 9780820504469
041 ## - LANGUAGE CODE
Language code of text/sound track or separate title eng
082 ## - DEWEY DECIMAL CLASSIFICATION NUMBER
Classification number 430.07K
100 ## - MAIN ENTRY--PERSONAL NAME
Personal name Kelso, J. Clark
245 #0 - TITLE STATEMENT
Title Studying law: An Introduction to legal research.
260 ## - PUBLICATION, DISTRIBUTION, ETC.
Name of publisher, distributor, etc. Matthew bender & CO., INC
Place of publication, distribution, etc. New York, NY
Date of publication, distribution, etc. 1990
300 ## - PHYSICAL DESCRIPTION
Extent 115p, illus, tabs
650 ## - SUBJECT ADDED ENTRY--TOPICAL TERM
Topical term or geographic name entry element Legal research -- United States. - Law -- Study and teaching -- United States.
942 ## - ADDED ENTRY ELEMENTS (KOHA)
Koha item type Books
Holdings
Withdrawn status Lost status Damaged status Not for loan Home library Current library Shelving location Date acquired Total checkouts Full call number Date last seen Copy number Price effective from Koha item type
        Main Library Main Library Open Shelves 11/02/2022   430.07K 01039 C1 29/04/2024 1 29/04/2024 Books
        Main Library Main Library Open Shelves 21/02/2022   340.07K 01039 C1 29/04/2024 1 29/04/2024 Books
©2026  Parliament of Ghana Library - All rights reserved